Ciclo básico de la educación media : planes de lección : tercer grado : unidades 1, 2, 3 y 4 : matemáticas III.

Պահպանված է:
Մատենագիտական մանրամասներ
Համատեղ հեղինակ: México. Presidencia de la República Secretaría de Educación Pública. Dirección General de Educación Tecnológica Industrial
Ձևաչափ: Գիրք
Լեզու:իսպաներեն
Շարք:(Ciclo básico de educación media. Planes de lección)
Խորագրեր:
Ցուցիչներ: Ավելացրեք ցուցիչ
Չկան պիտակներ, Եղեք առաջինը, ով նշում է այս գրառումը!

MARC

LEADER 00000cam^a2200000uu^4500
001 000459365
005 20250521000000.0
008 050901s^^^^^^^^^^^^^^^^rd^r^^000^0^spa^d
009 20260310124132.994
035 |a FCE 000001831 
035 |a FCE 007233 
037 |a Acervo ITESO - Biblioteca 
041 |a spa 
082 0 4 |a 082.373  |b SEP M.3 
110 |a México. Presidencia de la República  |b Secretaría de Educación Pública. Dirección General de Educación Tecnológica Industrial 
245 1 0 |a Ciclo básico de la educación media :  |b planes de lección : tercer grado : unidades 1, 2, 3 y 4 : matemáticas III. 
264 |a México :  |b SEP : DGETI,  |c [1979]. 
300 |a 102 p. 
336 |a texto  |b txt  |2 rdacontenido 
337 |a sin mediación  |b n  |2 rdamedio 
338 |a volumen  |b nc  |2 rdasoporte 
440 0 0 |a (Ciclo básico de educación media. Planes de lección) 
649 |a XX 
650 |a Educación media 
650 |a Plan de estudios 
650 |a Matemáticas 
650 |a Boletín 
910 |a Fondo Centro de Estudios Educativos 
920 |a Impresos - Libros 
930 |a Fondos Especiales 
905 |a 133 
901 |a ALE007233  |b IT2  |c CEE  |u 20250521 
902 |a https://opac.biblio.iteso.mx/vufind/Record/000459365